000 00339nam a2200097Ia 4500
008 160725s9999 xx 000 0 und d
100 _aCatungal, Juliet P.
245 _aGuidance counselor performance assessment tool.
260 _bKaizen Research Journal College of Business Administration
_cJanuary 2014
650 _aBUSINESS ADMINISTRATION
999 _c297999
_d297999